000 00297nam a22001337a 4500
008 171013b xxu||||| |||| 00| 0 eng d
020 _a0030182719
041 _aeng
080 _a316
100 _a51
101 _aSOC
245 _aENSEMBLE: CULTURE AT SOCIETE
_cCOMEAU,R.F
942 _2udc
_cBK
999 _c33694
_d33694